| 000 | 01267nam0a22002891 4500 | ||
|---|---|---|---|
| 001 | rc\2192800 | ||
| 005 | 20260406153312.0 | ||
| 035 | _a(NLR Aleph) 006692849 | ||
| 090 |
_a5163664 _c5163664 |
||
| 100 | _a20110829d1978 |||y0rusy50 ca | ||
| 101 | 0 | _arus | |
| 102 | _aRU | ||
| 105 | _ay z ||||| | ||
| 200 | 1 |
_aМетодические разработки по теме "Воспитание советского патриотизма у старших подростков в процессе изучения русской литературы" _fНИИ педагогики _g[Сост. Кощут Л.Т.] |
|
| 210 |
_aКишинев _c[Б. и.] _d1978 |
||
| 215 |
_a135 с. _d20 |
||
| 606 |
_aСоветский патриотизм _xВоспитание в школе _2psbo |
||
| 606 |
_aРусская литература _jМетод. пособия для нерусских школ _2psbo |
||
| 702 | 1 |
_aКощуг _bЛ.Т. _gЛеонида Терентьевна _4220 |
|
| 712 | 0 | 2 |
_aНИИ педагогики _cКишинев _3RU\NLR\AUTH\889928702 _9352978 |
| 801 | 0 |
_aRU _bNLR _gpsbo |
|
| 801 | 1 |
_aRU _bELAR _2rusmarc |
|
| 852 |
_aNLR _j78-3/5388 |
||
| 899 |
_aRuMoRGB _jБ 78-21/2028 |
||
| 899 |
_aRuMoRGB _jБ 78-21/2029 |
||
| 942 | _cBOOK | ||
| 980 | _aNB | ||